000
00208 a2200097 4500
001
25402
100
_a
McIntosh
245
_a
Statistics for the Teacher
260
_a
_b
Pergamon
_c
1967
090
_c
17146
_d
17146
942
_a
NUST-CAE
_c
M
_c
7943
999
_c
260475
_d
260475